书目信息 |
| 题名: |
国际商法
|
|
| 作者: | 黄辉 , 田俊芳 主编 | |
| 分册: | ||
| 出版信息: | 北京 经济管理出版社 2011 |
|
| 页数: | 337页 | |
| 开本: | 24cm | |
| 丛书名: | ||
| 单 册: | ||
| 中图分类: | D996.1 | |
| 科图分类: | ||
| 主题词: | 国际商法--教材 , 国际商法 | |
| 电子资源: | ||
| ISBN: | 978-7-5096-1156-2 | |
| 000 | 00964nam0 2200277 450 | |
| 001 | 523 | |
| 005 | 20140908110958.64 | |
| 010 | @a978-7-5096-1156-2@dCNY39.00 | |
| 100 | @a20110317d2011 em y0chiy50 ea | |
| 101 | 0 | @achi |
| 102 | @aCN@b110000 | |
| 105 | @ay z 000yy | |
| 106 | @ar | |
| 200 | 1 | @a国际商法@AGuo Ji Shang Fa@f黄辉,田俊芳主编@FHuang Hui, Tian Jun Fang Zhu Bian |
| 210 | @a北京@c经济管理出版社@d2011 | |
| 215 | @a337页@d24cm | |
| 312 | @a封面英文题名:International commercial law | |
| 330 | @a本书共分九章,介绍了国际商法的相关专业知识,并辅以典型案例进行分析,内容涉及合同法、国际货物买卖法、产品责任法、商事组织法、票据法及工业产权法等方面。 | |
| 510 | 1 | @aInternational commercial law@zeng |
| 606 | 0 | @a国际商法@j教材 |
| 606 | 0 | @a国际商法 |
| 690 | @aD996.1@v5 | |
| 701 | 0 | @a黄辉@AHuang Hui@c(国际贸易)@4主编 |
| 701 | 0 | @a田俊芳@ATian Jun Fang@4主编 |
| 801 | 0 | @aCN@bTANGWEI@c20140603 |
| 905 | @b0839131-33@dD996.1@e118@f3 | |
| 国际商法/黄辉,田俊芳主编.-北京:经济管理出版社,2011 |
| 337页;24cm |
| ISBN 978-7-5096-1156-2:CNY39.00 |
| 本书共分九章,介绍了国际商法的相关专业知识,并辅以典型案例进行分析,内容涉及合同法、国际货物买卖法、产品责任法、商事组织法、票据法及工业产权法等方面。 |
| ● |
| 相关链接 |
|
|
|
|
正题名:国际商法
索取号:D996.1/118
 
预约/预借
| 序号 | 登录号 | 条形码 | 馆藏地/架位号 | 状态 | 备注 |
| 1 | 0839131 | 208391319 | 第一样本阅览室/ [索取号:D996.1/118] | 在馆 | |
| 2 | 0839132 | 208391328 | 密集书库-史法系/ [索取号:D996.1/118] | 在馆 | |
| 3 | 0839133 | 208391337 | 第一借阅区/ [索取号:D996.1/118] | 在馆 |